000 00416nam a2200181Ia 4500
001 4757
005 20260306145818.0
008 260306t2001||||xx |||||||||||||| ||spa||
041 _aESP
082 _a330.015195
_bP59E
100 _aPindyck, Robert S.
_eAUT
245 0 _aEconometría:
_bmodelos y pronósticos
260 _c2001
300 _a
_c
650 _aGEN
654 _aCAN
942 _cLIB
_dJUS
_fJUS
_2ddc
_n
999 _c4757
_d4757